<?xml version="1.0" encoding="UTF-8"?>
<record
    xmlns:xsi="http://www.w3.org/2001/XMLSchema-instance"
    xsi:schemaLocation="http://www.loc.gov/MARC21/slim http://www.loc.gov/standards/marcxml/schema/MARC21slim.xsd"
    xmlns="http://www.loc.gov/MARC21/slim">

  <leader>00390nam a2200133Ia 4500</leader>
  <controlfield tag="008">151001s9999||||xx |||||||||||||| ||und||</controlfield>
  <datafield tag="100" ind1=" " ind2=" ">
    <subfield code="a">&#x936;&#x94D;&#x930;&#x940;&#x915;&#x93E;&#x902;&#x924;  &#x91A;&#x94C;&#x917;&#x941;&#x932;&#x947;</subfield>
  </datafield>
  <datafield tag="245" ind1=" " ind2=" ">
    <subfield code="a">&#x92E;&#x939;&#x93E;&#x930;&#x93E;&#x937;&#x94D;&#x91F;&#x94D;&#x930;&#x93E;&#x91A;&#x947; &#x92E;&#x941;&#x916;&#x94D;&#x92F;&#x92E;&#x902;&#x924;&#x94D;&#x930;&#x940;</subfield>
  </datafield>
  <datafield tag="250" ind1=" " ind2=" ">
    <subfield code="a">1         </subfield>
  </datafield>
  <datafield tag="260" ind1=" " ind2=" ">
    <subfield code="b">&#x906;&#x935;&#x93F;&#x937;&#x94D;&#x915;&#x93E;&#x930;</subfield>
  </datafield>
  <datafield tag="260" ind1=" " ind2=" ">
    <subfield code="c">2002  </subfield>
  </datafield>
  <datafield tag="300" ind1=" " ind2=" ">
    <subfield code="a">40</subfield>
  </datafield>
  <datafield tag="365" ind1=" " ind2=" ">
    <subfield code="b">21</subfield>
  </datafield>
  <datafield tag="999" ind1=" " ind2=" ">
    <subfield code="c">980507</subfield>
    <subfield code="d">980504</subfield>
  </datafield>
</record>
